00401nam a2200121 i 4500001000300000100002000003245008000023260002100103040000800124041000800132008004100140856009800181bg1 aSKRZYPEK, Jacek 0aOdkształcenia plastyczne i analiza form utraty nośności /cJ. Srzypek. aKraków,c1979. cBPK apol s pl f |000 0 pol  uhttp://koha.tu.koszalin.pl/cgi-bin/koha/opac-detail.pl?biblionumber=18809yKatalog online BPK